Decorate Your Tree By Unscrambling Christmas Words - Statistics

General Stats
  • This quiz has been taken 920 times
  • The average score is 11 of 20
Answers on the Map
Answers color-coded by a green-red scale on the quiz's map according to % correct below.
 
Answer Stats
Scramble Answer % Correct
SART Star
93%
TERE Tree
90%
NSAAT Santa
85%
NEGOGG Eggnog
84%
HOYLL Holly
79%
DNIRREEE Reindeer
79%
YRMER Merry
68%
LESVE Elves
63%
LEHSIG Sleigh
62%
LTSMTOEEI Mistletoe
53%
HPDULRO Rudolph
51%
MHNIECY Chimney
49%
AIMYFL Family
49%
TLHGIS Lights
46%
ERITEPPMNP Peppermint
42%
NSPTEESR Presents
33%
DNIGRRBEEGA Gingerbread
31%
NCGHIR Grinch
29%
ECREEMDB December
26%
MARENTOSN Ornaments
11%
No matching quizzes found
Score Distribution
Percent of People with Each Score
Percentile by Number Answered
Your Score History
You have not taken this quiz